00716nam a2200241 a 4500001001300000003000900013005001700022008004100039020001000080082002100090100002100111245001700132260005900149300000900208500003500217505002700252650002300279700002100302902000800323942000700331952012100338999001500459nice12345678IN_TiNIC20260116011654.0050524s1973 bana grp 000 0 eng  ac10000a306.0899145bBOA aBoal, M, Barbara aFire Is Easy aBangalorebChristian Instt.For Study of Religionc1973 a309p aincludes index and biblioraphy2 aAppendix, Bibliography aChristianity-India1 aBoal, M, Barbara bSRS cBK 001040708StackRoom-aHMIbHMId2007-03-30g100.00l0o306.0899145 BOAp07127r2007-03-30v100.00w2005-05-24yBK c3306d3306